|
|
|
|
| LEADER |
00000nam a2200000Ii 4500 |
| 001 |
DIGEDBONAV0173 |
| 003 |
NyNyDIG |
| 008 |
230601s2012 ck ad o 000 0 spa d |
| 006 |
m o d |
| 007 |
cr ||||||||||| |
| 035 |
|
|
|a (OCoLC)1385178768
|
| 040 |
|
|
|a DGITA
|b eng
|e rda
|e pn
|c DGITA
|
| 020 |
|
|
|z 9789588785011
|
| 043 |
|
|
|a s-ck---
|
| 050 |
1 |
4 |
|a TT507 ebook
|
| 100 |
1 |
|
|a Sanz Ramírez, Claudia Marcela,
|e author.
|
| 245 |
1 |
0 |
|a Reflexión-acción en diseño de vestuario /
|c Claudia Marcela Sanz Ramírez, Hugo Mondragón Ochoa ; ilustraciones, María Alejandra Madriñán.
|
| 264 |
|
1 |
|a [Cali], Colombia, Sur América :
|b Editorial Bonaventuriana,
|c [2012]
|
| 300 |
|
|
|a 1 online resource :
|b illustrations, charts.
|
| 336 |
|
|
|a text
|b txt
|2 rdacontent
|
| 337 |
|
|
|a computer
|b c
|2 rdamedia
|
| 338 |
|
|
|a online resource
|b cr
|2 rdacarrier
|
| 347 |
|
|
|a text file
|2 rdaft
|
| 347 |
|
|
|b PDF
|
| 588 |
0 |
|
|a Online resource; title from PDF title page (Digitalia, viewed June 1, 2023)
|
| 650 |
|
0 |
|a Fashion design
|z Colombia
|z Cali.
|
| 650 |
|
0 |
|a Textile industry
|z Colombia
|z Cali.
|
| 700 |
1 |
|
|a Mondragón Ochoa, Hugo,
|e author.
|
| 700 |
1 |
|
|a Madriñán, María Alejandra,
|e illustrator.
|
| 791 |
2 |
|
|a Digitalia (Firm),
|e distributor.
|
| 793 |
0 |
|
|g Digitalia eBook Collection:
|a Editorial Bonaventuriana
|
| 776 |
0 |
8 |
|i Print version:
|a Sanz Ramírez, Claudia Marcela.
|t Reflexión-acción en diseño de vestuario.
|d [Cali], Colombia, Sur América : Editorial Bonaventuriana, 2012
|z 9789588785011
|
| 830 |
|
0 |
|a Colección Diseño de vestuario.
|
| 856 |
4 |
0 |
|3 Digitalia Hispánica
|u https://www.digitaliapublishing.com/a/125086/
|
| 910 |
|
|
|a Premium collection: 2023
|